000 00604cam a2200229 i 4500
001 2233581
005 20171221034537.0
008 760419s1976 mdu b 001 0 eng
010 _a 76014991
020 _a083910894X
040 _aDLC
_cDLC
_dDLC
041 _aeng
060 _aWT104 A267
080 _a301.435 OYE
082 0 0 _a301.435 OYE
100 _a46
101 _aEDU
245 0 0 _aAging and communication /
_cedited by Herbert J. Oyer and E. Jane Oyer.
504 _aIncludes bibliographies and index.
906 _a7
_bcbc
_corignew
_d1
_eocip
_f19
_gy-gencatlg
942 _2ddc
_cBK
999 _c39257
_d39257